[Event "Thank Gibbons"]
[Site "Winnipeg CAN"]
[Date "2009.11.28"]
[Round "1"]
[White "Goodman, Clifford"]
[Black "Swift, Ryne"]
[Result "1-0"]
[WhiteElo "1687"]
[BlackElo "1807"]
[PlyCount "89"]
[GameId "2160767910030078"]
[EventDate "2009.11.28"]
[EventType "swiss"]
[EventRounds "5"]
[EventCountry "CAN"]
[SourceTitle "EXT 2011"]
[Source "ChessBase"]
[SourceDate "2011.11.26"]
[SourceVersion "1"]
[SourceVersionDate "2011.11.26"]
[SourceQuality "1"]

1. d4 d5 2. c4 e6 3. Nf3 c6 4. Nc3 Nf6 5. Bg5 Be7 6. cxd5 exd5 7. e3 O-O 8. Bd3 h6 9. Bh4 Nbd7 10. Rg1 Ne8 11. Bxe7 Qxe7 12. g4 g5 13. h4 f6 14. Qe2 Nd6 15. hxg5 fxg5 16. Rh1 Qg7 17. O-O-O Nf7 18. Rdg1 b5 19. Nd2 Nf6 20. f4 a5 21. f5 Bd7 22. Rh3 Rfe8 23. Rgh1 Kh7 24. Nf3 Rh8 25. Ne5 Kg8 26. Ng6 Rh7 27. e4 dxe4 28. Nxe4 Nxe4 29. Bxe4 Nd6 30. Bxc6 Rc8 31. d5 Qf7 32. Rxh6 Rxh6 33. Rxh6 Kg7 34. Ne5 Qxd5 35. Rg6+ Kf8 36. Nxd7+ Kf7 37. Ne5+ Kf8 38. Kb1 Rxc6 39. Nxc6 Qh1+ 40. Kc2 Qxc6+ 41. Kd1 Qd5+ 42. Qd2 Qh1+ 43. Ke2 Qg2+ 44. Kd3 Qg3+ 45. Kd4 1-0

[Event "Thank Gibbons"]
[Site "Winnipeg CAN"]
[Date "2009.11.28"]
[Round "1"]
[White "Williams, Eric"]
[Black "Lipic, Stephen"]
[Result "0-1"]
[WhiteElo "1466"]
[BlackElo "1710"]
[PlyCount "78"]
[GameId "2160767910030079"]
[EventDate "2009.11.28"]
[EventType "swiss"]
[EventRounds "5"]
[EventCountry "CAN"]

1. e4 c6 2. d4 d5 3. Nc3 dxe4 4. Nxe4 e5 5. Be3 f5 6. Bg5 Qxd4 7. Qxd4 exd4 8. Nd2 Bd6 9. f3 Ne7 10. Bh4 Ng6 11. Bf2 c5 12. O-O-O O-O 13. g3 Be6 14. Kb1 Nc6 15. f4 Rab8 16. Ngf3 h6 17. h4 b5 18. h5 Nge7 19. Nh4 Bf7 20. Be2 Nb4 21. b3 a5 22. Kb2 d3 23. cxd3 Bxh5 24. Ndf3 Nec6 25. a3 Nd5 26. Rc1 b4 27. a4 Nc3 28. Rc2 Be7 29. Ng1 Be8 30. Nhf3 Bf6 31. Kc1 Nd4 32. Bxd4 cxd4 33. Nd2 Bc6 34. Rh2 Rfe8 35. Kb2 Re3 36. Nc4 Rxg3 37. Nxa5 Bxa4 38. bxa4 Rxg1 39. Kb3 Ra1 0-1

[Event "Thank Gibbons"]
[Site "Winnipeg CAN"]
[Date "2009.11.28"]
[Round "1.4"]
[White "Magnusson, Saul"]
[Black "Letain, Cory"]
[Result "1-0"]
[WhiteElo "1738"]
[BlackElo "1594"]
[PlyCount "49"]
[GameId "2160767910030080"]
[EventDate "2009.11.28"]
[EventType "swiss"]
[EventRounds "5"]
[EventCountry "CAN"]

1. Nf3 d5 2. g3 c5 3. c4 e6 4. cxd5 exd5 5. d4 b6 6. Nc3 Nf6 7. Bg5 Be7 8. dxc5 bxc5 9. Bxf6 Bxf6 10. Bg2 Bxc3+ 11. bxc3 O-O 12. O-O Be6 13. Re1 Nc6 14. Qd3 Qf6 15. e4 c4 16. Qe3 dxe4 17. Qxe4 Rac8 18. Rad1 Qxc3 19. Ng5 Rfe8 20. Qxh7+ Kf8 21. Nxe6+ fxe6 22. Qh8+ Kf7 23. Qh5+ g6 24. Qg4 Nb4 25. Rd7+ 1-0

[Event "Thank Gibbons"]
[Site "Winnipeg CAN"]
[Date "2009.11.28"]
[Round "1.4"]
[White "Manicdao, Tomas"]
[Black "Gibbons, Lorne"]
[Result "1-0"]
[WhiteElo "1706"]
[BlackElo "1292"]
[PlyCount "51"]
[GameId "2160767910030081"]
[EventDate "2009.11.28"]
[EventType "swiss"]
[EventRounds "5"]
[EventCountry "CAN"]

1. f4 d6 2. Nf3 Bf5 3. e3 Nf6 4. d3 Nc6 5. c3 h6 6. Be2 Qd7 7. O-O O-O-O 8. e4 Bh7 9. h3 e5 10. Na3 exf4 11. Bxf4 Nh5 12. Bh2 g5 13. Nd4 Nf6 14. Rxf6 Nxd4 15. cxd4 Qe7 16. e5 Bg7 17. Qc2 Bxf6 18. exf6 Qxf6 19. Nb5 c6 20. Rf1 Qe7 21. d5 a6 22. Nc3 c5 23. Bg4+ Kc7 24. Ne4 Rhf8 25. Qxc5+ Kb8 26. Nxd6 1-0

[Event "Thank Gibbons"]
[Site "Winnipeg CAN"]
[Date "2009.11.28"]
[Round "2"]
[White "Letain, Cory"]
[Black "Gibbons, Lorne"]
[Result "1-0"]
[WhiteElo "1594"]
[BlackElo "1292"]
[PlyCount "53"]
[GameId "2160767910030082"]
[EventDate "2009.11.28"]
[EventType "swiss"]
[EventRounds "5"]
[EventCountry "CAN"]

1. e4 e5 2. Nf3 Nf6 3. Nxe5 Qe7 4. Nf3 Nxe4 5. Qe2 Nf6 6. Qxe7+ Bxe7 7. Be2 d5 8. O-O Bf5 9. d3 Nbd7 10. Bf4 O-O-O 11. Nc3 c6 12. Rfe1 Nh5 13. Be5 f6 14. Nd4 fxe5 15. Nxf5 d4 16. Nxe7+ Kc7 17. Bxh5 dxc3 18. bxc3 g6 19. Bg4 Kd6 20. Bxd7 Rxd7 21. Nxg6 hxg6 22. Re4 Re7 23. Rb1 b6 24. d4 Rhe8 25. Rbe1 Kd5 26. f4 Kc4 27. Rxe5 1-0

[Event "Thank Gibbons"]
[Site "Winnipeg CAN"]
[Date "2009.11.28"]
[Round "2"]
[White "Lipic, Stephen"]
[Black "Goodman, Clifford"]
[Result "1-0"]
[WhiteElo "1710"]
[BlackElo "1687"]
[PlyCount "73"]
[GameId "2160767910030083"]
[EventDate "2009.11.28"]
[EventType "swiss"]
[EventRounds "5"]
[EventCountry "CAN"]
[SourceTitle "EXT 2011"]
[Source "ChessBase"]
[SourceDate "2011.11.26"]
[SourceVersion "1"]
[SourceVersionDate "2011.11.26"]
[SourceQuality "1"]

1. f4 g6 2. Nf3 Bg7 3. c3 d6 4. d4 Nd7 5. e4 c6 6. Bc4 d5 7. exd5 cxd5 8. Bxd5 Qa5 9. Bb3 Nb6 10. Ng5 e6 11. O-O h6 12. Ne4 Nf6 13. Nd6+ Ke7 14. Nxc8+ Raxc8 15. Qf3 Qa6 16. Nd2 h5 17. Ne4 Nxe4 18. Qxe4 Nd7 19. f5 Nf6 20. Bg5 h4 21. fxg6 Rh5 22. Qe5 Kf8 23. Rxf6 Bxf6 24. Qxf6 Rc7 25. g7+ Kg8 26. Qd8+ Kxg7 27. Qxc7 Rxg5 28. Rf1 Rxg2+ 29. Kxg2 Qe2+ 30. Rf2 Qg4+ 31. Kf1 Qh3+ 32. Rg2+ Kf6 33. Qd8+ Kf5 34. Qg5+ Ke4 35. Bc2+ Kf3 36. Qf6+ Ke3 37. Qf2# 1-0

[Event "Thank Gibbons"]
[Site "Winnipeg CAN"]
[Date "2009.11.28"]
[Round "2"]
[White "Manicdao, Tomas"]
[Black "Magnusson, Saul"]
[Result "1-0"]
[WhiteElo "1706"]
[BlackElo "1738"]
[PlyCount "79"]
[GameId "2160767910030084"]
[EventDate "2009.11.28"]
[EventType "swiss"]
[EventRounds "5"]
[EventCountry "CAN"]

1. f4 Nf6 2. Nf3 Nc6 3. c3 d6 4. e3 e5 5. d4 exf4 6. exf4 Be7 7. Bd3 O-O 8. O-O Re8 9. Nbd2 h6 10. Qc2 Be6 11. Ne4 Qd7 12. Bd2 Rad8 13. c4 d5 14. Nxf6+ Bxf6 15. f5 Nxd4 16. Nxd4 dxc4 17. Nf3 cxd3 18. fxe6 fxe6 19. Qb3 Qd5 20. Qxd5 Rxd5 21. Rab1 e5 22. Rfe1 e4 23. Re3 Re7 24. Rbe1 Bd4 25. Nxd4 Rxd4 26. Rg3 c5 27. Bxh6 b5 28. Bd2 Ra4 29. Ra1 c4 30. Re3 Ra6 31. a3 Rf6 32. Rae1 Rf4 33. g3 Rg4 34. h3 Rg6 35. Kg2 Rge6 36. g4 Kf7 37. h4 Re5 38. Kg3 Ke6 39. Rxe4 Kd5 40. Rxe5+ 1-0

[Event "Thank Gibbons"]
[Site "Winnipeg CAN"]
[Date "2009.11.28"]
[Round "2"]
[White "Swift, Ryne"]
[Black "Williams, Eric"]
[Result "1-0"]
[WhiteElo "1808"]
[BlackElo "1466"]
[PlyCount "71"]
[GameId "2160767910030085"]
[EventDate "2009.11.28"]
[EventType "swiss"]
[EventRounds "5"]
[EventCountry "CAN"]

1. e4 c5 2. Nf3 g6 3. d4 Bg7 4. Nc3 Qa5 5. Be3 Nc6 6. Qd2 cxd4 7. Nxd4 a6 8. Be2 d6 9. O-O Nxd4 10. Bxd4 Nf6 11. Rad1 O-O 12. f3 b5 13. Nd5 Qxd2 14. Nxe7+ Kh8 15. Rxd2 Bb7 16. Nd5 Nxd5 17. Bxg7+ Kxg7 18. exd5 Rfe8 19. Kf2 Rac8 20. c3 Rc5 21. Rfd1 Re5 22. Bf1 Rcxd5 23. Rxd5 Rxd5 24. Rxd5 Bxd5 25. b3 h6 26. Ke3 g5 27. Kd4 Bc6 28. b4 f6 29. Bd3 Kf7 30. Be4 Bxe4 31. fxe4 Ke6 32. g4 h5 33. h3 hxg4 34. hxg4 d5 35. exd5+ Kd6 36. Ke4 1-0

[Event "Thank Gibbons"]
[Site "Winnipeg CAN"]
[Date "2009.11.29"]
[Round "3"]
[White "Lipic, Stephen"]
[Black "Manicdao, Tomas"]
[Result "1-0"]
[WhiteElo "1710"]
[BlackElo "1706"]
[PlyCount "75"]
[GameId "2160767910030086"]
[EventDate "2009.11.28"]
[EventType "swiss"]
[EventRounds "5"]
[EventCountry "CAN"]
[SourceTitle "EXT 2011"]
[Source "ChessBase"]
[SourceDate "2011.11.26"]
[SourceVersion "1"]
[SourceVersionDate "2011.11.26"]
[SourceQuality "1"]

1. f4 e5 2. fxe5 d6 3. exd6 Bxd6 4. Nf3 g5 5. g3 h5 6. d4 f6 7. Qd3 Ne7 8. e4 Nbc6 9. c3 a6 10. Be3 Bg4 11. Be2 Qd7 12. Nbd2 O-O-O 13. O-O-O Kb8 14. Nc4 Rhg8 15. d5 Bxf3 16. Bxf3 Ne5 17. Nxe5 Bxe5 18. Bxh5 Qa4 19. Kb1 Qd7 20. Be2 Rh8 21. Bd4 Ng6 22. Qc4 Rh7 23. Qb4 Ka8 24. Qa3 Kb8 25. Bf2 Bd6 26. b4 Rdh8 27. h4 Ne5 28. h5 g4 29. c4 c6 30. c5 Bf8 31. dxc6 Qxc6 32. Rd8+ Ka7 33. b5 Qxe4+ 34. Bd3 Qxh1+ 35. Kc2 Qc1+ 36. Qxc1 b6 37. cxb6+ Kb7 38. Be4+ 1-0

[Event "Thank Gibbons"]
[Site "Winnipeg CAN"]
[Date "2009.11.29"]
[Round "3"]
[White "Magnusson, Saul"]
[Black "Swift, Ryne"]
[Result "1/2-1/2"]
[WhiteElo "1738"]
[BlackElo "1808"]
[PlyCount "80"]
[GameId "2160767910030087"]
[EventDate "2009.11.28"]
[EventType "swiss"]
[EventRounds "5"]
[EventCountry "CAN"]

1. e4 e5 2. Nf3 Nc6 3. Bc4 Bc5 4. d3 Nf6 5. c3 O-O 6. b4 Be7 7. b5 Na5 8. Nxe5 Nxc4 9. Nxc4 d5 10. Ncd2 dxe4 11. dxe4 Ng4 12. O-O Bc5 13. Qe2 Qd6 14. Nf3 Qb6 15. Nd4 Bxd4 16. cxd4 Qxd4 17. Bb2 Qd6 18. e5 Qb6 19. h3 Nh6 20. Nc3 Be6 21. Na4 Qa5 22. Nc5 Qb6 23. Bd4 Nf5 24. Nxe6 Nxd4 25. Nxd4 Qxd4 26. Rfd1 Qb6 27. Rd7 Rac8 28. Rad1 Rfe8 29. Qf3 Rf8 30. a4 a6 31. bxa6 Qxa6 32. Re7 Rce8 33. Rxe8 Rxe8 34. Rd7 Rf8 35. Qg4 c5 36. Rc7 Qb6 37. Qd7 Qb4 38. Qe7 b6 39. g3 Qe1+ 40. Kh2 Qe2 1/2-1/2

[Event "Thank Gibbons"]
[Site "Winnipeg CAN"]
[Date "2009.11.29"]
[Round "3"]
[White "Williams, Eric"]
[Black "Letain, Cory"]
[Result "1/2-1/2"]
[WhiteElo "1466"]
[BlackElo "1594"]
[PlyCount "87"]
[GameId "2160767910030088"]
[EventDate "2009.11.28"]
[EventType "swiss"]
[EventRounds "5"]
[EventCountry "CAN"]

1. e4 e5 2. Nf3 Nf6 3. Nxe5 d6 4. Nf3 Nxe4 5. d4 d5 6. c4 Nf6 7. Nc3 c6 8. h3 Be6 9. cxd5 Nxd5 10. Bd3 Bb4 11. Qc2 Nd7 12. O-O N7f6 13. Ng5 Qd7 14. Bd2 O-O-O 15. Nxe6 fxe6 16. Rfe1 Kb8 17. a3 Ba5 18. Re5 Bc7 19. Ree1 Nf4 20. Bxf4 Bxf4 21. Ne2 Bc7 22. Red1 h6 23. b4 Nd5 24. g3 e5 25. Bf5 Qf7 26. Rd2 Rhf8 27. g4 g6 28. Bxg6 Qxf2+ 29. Kh1 Ne3 30. Qe4 Rxd4 31. Nxd4 Qxd2 32. Nf5 Nxf5 33. Bxf5 Qd5 34. Re1 h5 35. Kg2 hxg4 36. hxg4 Qa2+ 37. Kf3 Qxa3+ 38. Re3 Qc1 39. g5 Qf1+ 40. Kg4 Qg1+ 41. Rg3 Qd1+ 42. Rf3 Qd4 43. Re3 Qd1+ 44. Rf3 1/2-1/2

[Event "Thank Gibbons"]
[Site "Winnipeg CAN"]
[Date "2009.11.29"]
[Round "4"]
[White "Letain, Cory"]
[Black "Manicdao, Tomas"]
[Result "0-1"]
[WhiteElo "1594"]
[BlackElo "1706"]
[PlyCount "62"]
[GameId "2160767910030089"]
[EventDate "2009.11.28"]
[EventType "swiss"]
[EventRounds "5"]
[EventCountry "CAN"]

1. d4 c6 2. e4 e6 3. Nf3 d5 4. exd5 cxd5 5. c4 Nf6 6. a3 Nc6 7. Nc3 a6 8. Bd3 h6 9. O-O Bd6 10. cxd5 exd5 11. Re1+ Be6 12. Qc2 Qc7 13. h3 Rc8 14. Be3 b5 15. b4 Bxb4 16. axb4 Nxb4 17. Qb1 Nxd3 18. Qxd3 Qxc3 19. Qxc3 Rxc3 20. Rxa6 O-O 21. Rea1 Rb8 22. Bf4 Rb7 23. Ne5 Nd7 24. Nc6 Rc4 25. Nd8 Rb6 26. Nxe6 Rxe6 27. Rxe6 fxe6 28. Be5 b4 29. Ra8+ Kh7 30. Re8 Nxe5 31. dxe5 b3 0-1

[Event "Thank Gibbons"]
[Site "Winnipeg CAN"]
[Date "2009.11.29"]
[Round "4"]
[White "Swift, Ryne"]
[Black "Lipic, Stephen"]
[Result "1-0"]
[WhiteElo "1808"]
[BlackElo "1710"]
[PlyCount "115"]
[GameId "2160767910030090"]
[EventDate "2009.11.28"]
[EventType "swiss"]
[EventRounds "5"]
[EventCountry "CAN"]

1. e4 c6 2. d4 d5 3. Nc3 dxe4 4. Nxe4 Nf6 5. Nxf6+ gxf6 6. Nf3 Bg4 7. Be2 e6 8. O-O Nd7 9. h3 Bh5 10. c3 Qc7 11. Bd2 O-O-O 12. b4 e5 13. dxe5 fxe5 14. Re1 f6 15. a4 e4 16. Nd4 Bf7 17. Bg4 Kb8 18. Rxe4 Ne5 19. Qc1 h5 20. Bf5 Bd5 21. Re3 h4 22. Ne6 Bxe6 23. Bxe6 Qd6 24. Re2 Qxe6 25. f4 Qc4 26. Re3 Qxf4 27. Rd3 Nf3+ 28. Rxf3 Qxd2 29. Qxd2 Rxd2 30. Rxf6 Bg7 31. Rf3 Rg8 32. Raf1 Bd4+ 33. Kh1 Rgxg2 34. Rf8+ Kc7 35. R1f7+ Kb6 36. cxd4 Rh2+ 37. Kg1 Rxh3 38. Rb8 Rd1+ 39. Kg2 Rg3+ 40. Kf2 Rf3+ 41. Rxf3 Kc7 42. Rbf8 Rxd4 43. R3f7+ Rd7 44. Rxd7+ Kxd7 45. Rh8 c5 46. Rxh4 cxb4 47. Rxb4 Kc6 48. Ke3 b6 49. Kd4 Kb7 50. a5 Ka6 51. axb6 axb6 52. Kc4 Ka5 53. Rb2 Ka6 54. Ra2+ Kb7 55. Kb5 Kb8 56. Kxb6 Kc8 57. Rd2 Kb8 58. Rd8# 1-0

[Event "Thank Gibbons"]
[Site "Winnipeg CAN"]
[Date "2009.11.29"]
[Round "4"]
[White "Williams, Eric"]
[Black "Magnusson, Saul"]
[Result "0-1"]
[WhiteElo "1466"]
[BlackElo "1738"]
[PlyCount "50"]
[GameId "2160767910030091"]
[EventDate "2009.11.28"]
[EventType "swiss"]
[EventRounds "5"]
[EventCountry "CAN"]

1. e4 c5 2. Nf3 Nc6 3. d4 cxd4 4. Nxd4 e5 5. Nb5 a6 6. Nd6+ Bxd6 7. Qxd6 Qf6 8. Qd2 Qg6 9. f3 Nge7 10. b3 O-O 11. Ba3 b5 12. Bd6 Re8 13. c4 Bb7 14. cxb5 axb5 15. Bxb5 Nd4 16. Bxd7 Red8 17. Bxe5 Rxd7 18. Bxd4 Rad8 19. Qf2 Ba6 20. Nc3 Rxd4 21. Rd1 Rxd1+ 22. Nxd1 Qg5 23. Qb2 Nc6 24. a3 Ne5 25. Qa1 Qd2# 0-1

[Event "Thanksgiving op U1600"]
[Site "Toronto CAN"]
[Date "2009.10.11"]
[Round "4"]
[White "Chan, Edward"]
[Black "Yusuf, Magas"]
[Result "1/2-1/2"]
[WhiteElo "1547"]
[BlackElo "1464"]
[PlyCount "41"]
[GameId "2160767910096474"]
[EventDate "2009.10.10"]
[EventType "swiss"]
[EventRounds "6"]
[EventCountry "CAN"]

1. g3 d5 2. d3 e5 3. Bg2 Be6 4. Nf3 Nd7 5. O-O Be7 6. Nc3 Ngf6 7. Ng5 O-O 8. Nxe6 fxe6 9. e4 c6 10. Kh1 Bd6 11. Ne2 Qe8 12. f4 Qh5 13. Nc3 Qxd1 14. Nxd1 exf4 15. gxf4 e5 16. f5 d4 17. Nf2 c5 18. Bg5 Rac8 19. b3 b5 20. Bf3 c4 21. dxc4 1/2-1/2

[Event "Thanksgiving op U2000"]
[Site "Toronto CAN"]
[Date "2009.10.11"]
[Round "4"]
[White "Armstrong, Robert J"]
[Black "Stavropoulos, Greg"]
[Result "1/2-1/2"]
[WhiteElo "1804"]
[BlackElo "2183"]
[PlyCount "120"]
[GameId "2160767910096475"]
[EventDate "2009.10.10"]
[EventType "swiss"]
[EventRounds "6"]
[EventCountry "CAN"]

1. d4 Nf6 2. c4 c5 3. d5 b5 4. cxb5 a6 5. Nc3 g6 6. e4 d6 7. f4 Bg7 8. Nf3 O-O 9. bxa6 Nxa6 10. Bc4 Bg4 11. O-O Nc7 12. h3 Bd7 13. e5 Nfe8 14. Qe2 Qb8 15. Ng5 f5 16. exf6 exf6 17. Ne6 Rf7 18. f5 g5 19. Qh5 Qb4 20. Bd3 Nb5 21. Nxb5 Bxb5 22. Bxb5 Qxb5 23. Re1 c4 24. Kh1 Qxd5 25. Qg4 h5 26. Qe4 Qxe4 27. Rxe4 d5 28. Rd4 Rd7 29. Bd2 Bf8 30. Nxf8 Kxf8 31. Bb4+ Kf7 32. a3 h4 33. Rad1 Rad8 34. Ba5 Rb8 35. Bb4 Rb5 36. Rxc4 Ng7 37. Rc5 Rxc5 38. Bxc5 Nxf5 39. b4 Ng3+ 40. Kg1 Ne4 41. Kf1 Ke6 42. Rd3 Rc7 43. Re3 Ke5 44. a4 f5 45. a5 d4 46. Re1 Kd5 47. Bb6 Rc4 48. b5 Ra4 49. Rd1 Nd6 50. Rb1 Kc4 51. Rc1+ Kxb5 52. Rc5+ Kb4 53. Rd5 Nb5 54. Bxd4 Kxa5 55. Bf6 Rf4+ 56. Kg1 g4 57. Bg5 Re4 58. hxg4 Rxg4 59. Rxf5 h3 60. Bd2+ Ka4 1/2-1/2

[Event "Thanksgiving op U2000"]
[Site "Toronto CAN"]
[Date "2009.10.12"]
[Round "6"]
[White "Hahnewald, Uwe"]
[Black "Chidley-Hill, John"]
[Result "1-0"]
[WhiteElo "1851"]
[BlackElo "1941"]
[PlyCount "77"]
[GameId "2160767910096476"]
[EventDate "2009.10.10"]
[EventType "swiss"]
[EventRounds "6"]
[EventCountry "CAN"]

1. e4 d6 2. d4 Nf6 3. Nc3 g6 4. f4 Bg7 5. Nf3 O-O 6. Bd3 a6 7. O-O Bg4 8. h3 Bxf3 9. Qxf3 c6 10. Be3 e6 11. g4 d5 12. e5 Ne8 13. Qg3 Nd7 14. f5 Qc7 15. Kh2 c5 16. f6 Nexf6 17. exf6 Qxg3+ 18. Kxg3 Bxf6 19. dxc5 Bg7 20. Na4 f5 21. c3 Ne5 22. Be2 Nc6 23. Nb6 Rad8 24. Bg5 Rde8 25. Bf3 d4 26. cxd4 Bxd4 27. Bh6 Rf7 28. Na4 Bf6 29. gxf5 Be5+ 30. Kg2 Rxf5 31. Bg4 Rf7 32. Rxf7 Kxf7 33. Rf1+ Ke7 34. Bg5+ Kd7 35. Nb6+ Kc7 36. Rf7+ Kb8 37. Nd7+ Ka7 38. Nxe5 Nxe5 39. Re7 1-0

[Event "Toronto Closed"]
[Site "Toronto CAN"]
[Date "2009.01.27"]
[Round "1"]
[White "Barron, Michael"]
[Black "Shebetah, Wajdy"]
[Result "1-0"]
[WhiteElo "2344"]
[BlackElo "2251"]
[PlyCount "79"]
[GameId "2160767910264887"]
[EventDate "2009.02.02"]
[EventType "tourn"]
[EventRounds "9"]
[EventCountry "CAN"]

1. e4 g6 2. d4 Bg7 3. Nc3 c6 4. f4 d5 5. e5 h5 6. Nf3 Bg4 7. h3 Bxf3 8. Qxf3 e6 9. Be3 Nh6 10. Bf2 h4 11. Bd3 Nd7 12. O-O-O b5 13. Rhe1 Nf5 14. Bxf5 gxf5 15. g4 hxg3 16. Qxg3 Bh6 17. Ne2 Qa5 18. Kb1 O-O-O 19. Rg1 Nf8 20. h4 Nd7 21. h5 Nb6 22. Be1 Qa6 23. Bb4 Qb7 24. b3 Rde8 25. Rg2 Bf8 26. Bxf8 Rexf8 27. Qh4 Kd7 28. h6 Nc8 29. h7 Ne7 30. Rg7 Qc8 31. Rdg1 c5 32. Qf6 Qe8 33. dxc5 Nc6 34. c3 Qe7 35. Nd4 Qxc5 36. Qxe6+ Kc7 37. Rxf7+ Rxf7 38. Qxf7+ Kb6 39. Rg6 Rc8 40. Qd7 1-0

[Event "Toronto Closed"]
[Site "Toronto CAN"]
[Date "2009.02.03"]
[Round "2"]
[White "Shebetah, Wajdy"]
[Black "Calugar, Arthur"]
[Result "1-0"]
[WhiteElo "2251"]
[BlackElo "2226"]
[PlyCount "73"]
[GameId "2160767910264888"]
[EventDate "2009.02.02"]
[EventType "tourn"]
[EventRounds "9"]
[EventCountry "CAN"]

1. d4 Nf6 2. Nf3 g6 3. Bf4 Bg7 4. e3 d5 5. h3 c5 6. c3 b6 7. Nbd2 O-O 8. Be2 Nbd7 9. O-O Bb7 10. a4 a6 11. b4 Ne4 12. Nxe4 dxe4 13. Nd2 cxb4 14. cxb4 e5 15. dxe5 Nxe5 16. Rc1 Qe7 17. Qb3 Rfd8 18. Rfd1 Bd5 19. Qb1 f5 20. Nc4 Qe6 21. Bxe5 Bxe5 22. Nxe5 Qxe5 23. Rxd5 Rxd5 24. Bc4 Rad8 25. Qb3 Kg7 26. Bxd5 Rxd5 27. Qc4 a5 28. Qc8 axb4 29. Rc7+ Kh6 30. g3 Qd6 31. Qb7 Kg5 32. Rxh7 Rc5 33. Qg7 Rc6 34. Kg2 Rc2 35. Rh5+ Kxh5 36. Qh7+ Kg5 37. Qh4# 1-0

[Event "Toronto Closed"]
[Site "Toronto CAN"]
[Date "2009.02.10"]
[Round "3"]
[White "Derraugh, Geordie"]
[Black "Shebetah, Wajdy"]
[Result "0-1"]
[WhiteElo "2090"]
[BlackElo "2251"]
[PlyCount "98"]
[GameId "2160767910264889"]
[EventDate "2009.02.02"]
[EventType "tourn"]
[EventRounds "9"]
[EventCountry "CAN"]

1. e4 g6 2. d4 Bg7 3. Nf3 d6 4. Nc3 Nf6 5. h3 O-O 6. Be3 Nc6 7. Qd2 e5 8. dxe5 Nxe5 9. Nxe5 dxe5 10. O-O-O Qe7 11. g4 Be6 12. g5 Nh5 13. Nd5 Bxd5 14. Qxd5 c6 15. Qd6 Qxd6 16. Rxd6 Rfd8 17. Rxd8+ Rxd8 18. Bc4 b6 19. a4 Bf8 20. Rd1 Rxd1+ 21. Kxd1 Bc5 22. Bxc5 bxc5 23. Ba6 Nf4 24. h4 Ng2 25. Bb7 Nxh4 26. Ke2 Ng2 27. Bxc6 Nf4+ 28. Kf3 Nh3 29. a5 Nxg5+ 30. Kg4 Ne6 31. c3 Kf8 32. b4 cxb4 33. cxb4 Ke7 34. Ba4 Kd6 35. Be8 f6 36. f3 Nd4 37. a6 Nc2 38. b5 Kc5 39. Bf7 Kxb5 40. Bg8 h5+ 41. Kh4 Nd4 42. Bf7 g5+ 43. Kxh5 Nxf3 44. Be6 Nd2 45. Bf5 Kxa6 46. Kg6 g4 47. Bxg4 Nxe4 48. Kf5 Ng3+ 49. Kxf6 e4 0-1

[Event "Toronto Closed"]
[Site "Toronto CAN"]
[Date "2009.02.17"]
[Round "4"]
[White "Shebetah, Wajdy"]
[Black "Frilles, Ruperto"]
[Result "0-1"]
[WhiteElo "2251"]
[BlackElo "2096"]
[PlyCount "176"]
[GameId "2160767910264890"]
[EventDate "2009.02.02"]
[EventType "tourn"]
[EventRounds "9"]
[EventCountry "CAN"]

1. d4 d5 2. Nf3 e6 3. Bf4 Nf6 4. e3 Bd6 5. Bg3 Ne4 6. Bd3 O-O 7. Nbd2 f5 8. Ne5 c5 9. c3 cxd4 10. Bxe4 dxe3 11. Bc2 exf2+ 12. Kxf2 f4 13. Bxh7+ Kxh7 14. Qh5+ Kg8 15. Bh4 Qb6+ 16. Kf1 Bxe5 17. Qxe5 Nc6 18. Qe2 Qxb2 19. Rd1 Qxc3 20. Bf2 e5 21. Qb5 Be6 22. h4 e4 23. Bc5 Rfe8 24. h5 Qd3+ 25. Qxd3 exd3 26. h6 gxh6 27. Rxh6 Kg7 28. Rh4 Rh8 29. Rxf4 Rh1+ 30. Bg1 Rf8 31. Rxf8 Kxf8 32. Nf3 d4 33. a3 Rh5 34. Nxd4 Nxd4 35. Bxd4 Bb3 36. Rd2 a6 37. Kf2 Bc2 38. Ke3 Kf7 39. Rf2+ Ke7 40. g4 Ra5 41. Bc3 Ra4 42. Bb4+ Ke6 43. g5 a5 44. g6 d2 45. g7 d1=N+ 46. Kd2 Bh7 47. Rh2 Bg8 48. Rh6+ Kf7 49. Rb6 axb4 50. Rxb7+ Kf6 51. Rxb4 Rxb4 52. axb4 Nb2 53. b5 Na4 54. Kd3 Kxg7 55. b6 Nxb6 56. Kd4 Kf6 57. Kc5 Nc8 58. Kc6 Ke7 59. Kc7 Be6 60. Kc6 Kf6 61. Kc7 Ke5 62. Kc6 Kd4 63. Kb5 Bd5 64. Kb4 Nd6 65. Ka3 Kc3 66. Ka4 Bb3+ 67. Ka5 Kc4 68. Kb6 Kd5 69. Kc7 Ba4 70. Kb6 Bc6 71. Kc7 Nf5 72. Kb6 Kd6 73. Ka6 Kc5 74. Ka7 Ng7 75. Ka6 Ne6 76. Ka5 Nd8 77. Ka6 Bb7+ 78. Ka7 Kc6 79. Kb8 Ba6 80. Ka7 Bb7 81. Kb8 Ne6 82. Ka7 Nc5 83. Kb8 Ba6 84. Ka7 Kc7 85. Ka8 Nd7 86. Ka7 Bc8 87. Ka8 Ne5 88. Ka7 Nc6+ 0-1

[Event "Toronto Closed"]
[Site "Toronto CAN"]
[Date "2009.02.24"]
[Round "5"]
[White "Gusev, Nikita"]
[Black "Shebetah, Wajdy"]
[Result "1/2-1/2"]
[WhiteElo "2051"]
[BlackElo "2251"]
[PlyCount "91"]
[GameId "2160767910264891"]
[EventDate "2009.02.02"]
[EventType "tourn"]
[EventRounds "9"]
[EventCountry "CAN"]

1. e4 g6 2. d4 Bg7 3. Nc3 c6 4. Bg5 Qb6 5. Nf3 Qxb2 6. Na4 Qb4+ 7. c3 Qa5 8. Bd2 Qc7 9. Bd3 d6 10. O-O Nd7 11. Re1 b5 12. Nb2 Bb7 13. a4 a6 14. c4 bxa4 15. Qxa4 Ngf6 16. Ba5 Qc8 17. e5 dxe5 18. dxe5 Ng4 19. e6 fxe6 20. Qa3 O-O 21. Bc3 Bxc3 22. Qxc3 Qc7 23. Qd4 Rf4 24. Be4 c5 25. Qd3 Bxe4 26. Rxe4 Rxf3 27. Qxf3 Qxh2+ 28. Kf1 Qh1+ 29. Ke2 Qxa1 30. Qxg4 Qxb2+ 31. Kf1 Qc1+ 32. Re1 Qd2 33. Rd1 Qc3 34. Qxe6+ Kh8 35. Rxd7 Rb8 36. g3 Qf6 37. Rxe7 Qxe6 38. Rxe6 Rb4 39. Rxa6 Kg7 40. Ke2 Rxc4 41. Kd3 Rb4 42. Rc6 Rb2 43. Rxc5 Rxf2 44. Ke3 Rf5 45. Rxf5 gxf5 46. Kf4 1/2-1/2

[Event "Toronto Closed"]
[Site "Toronto CAN"]
[Date "2009.03.10"]
[Round "7"]
[White "Shebetah, Wajdy"]
[Black "Kimelman, Michael"]
[Result "1-0"]
[WhiteElo "2251"]
[BlackElo "2273"]
[PlyCount "125"]
[GameId "2160767910264892"]
[EventDate "2009.02.02"]
[EventType "tourn"]
[EventRounds "9"]
[EventCountry "CAN"]

1. d4 Nf6 2. Nf3 e6 3. Bf4 b6 4. e3 Bb7 5. Bd3 Be7 6. h3 a5 7. O-O O-O 8. c4 h6 9. Nc3 Bb4 10. Rc1 Bxc3 11. Rxc3 d6 12. Re1 Nbd7 13. e4 Nh5 14. Bh2 f5 15. exf5 exf5 16. Bf1 f4 17. d5 Nc5 18. Nd4 Qg5 19. Qg4 Rae8 20. Rcc1 Bc8 21. Qxg5 hxg5 22. Nb5 Na6 23. Bd3 Kf7 24. Nd4 Nc5 25. Bb1 Bd7 26. b3 Re5 27. Nf3 Rxe1+ 28. Rxe1 Kf6 29. Nd4 Re8 30. Rxe8 Bxe8 31. g4 fxg3 32. fxg3 Bd7 33. Kg2 g6 34. Bg1 g4 35. h4 Ng7 36. Be3 Nf5 37. Bg5+ Ke5 38. Ne2 c6 39. Bf4+ Kf6 40. Bxf5 Bxf5 41. dxc6 Be4+ 42. Kf1 Bxc6 43. Nd4 Be4 44. Bxd6 Bb1 45. a3 Ba2 46. Bxc5 bxc5 47. Nc6 a4 48. bxa4 Bxc4+ 49. Kf2 Bd5 50. Nb8 c4 51. Ke3 Kf5 52. Kd4 c3 53. Kxc3 Ke4 54. Nd7 Kf3 55. Ne5+ Kxg3 56. Nxg6 Kf2 57. h5 Be4 58. Kd4 Bc2 59. a5 Kf3 60. a6 g3 61. a7 Be4 62. Nh4+ Kf4 63. h6 1-0